Vista normal
Vista MARC
Entrada Término temático
Número de registros utilizados en: 2
001 - NÚMERO DE CONTROL
- campo de control: 83653
003 - IDENTIFICADOR DEL NÚMERO DE CONTROL
- campo de control: DO-SdBNP
005 - FECHA Y HORA DE LA ÚLTIMA TRANSACCIÓN
- campo de control: 20230630115524.0
008 - DATOS DE LONGITUD FIJA
- campo de control de longitud fija: 230630|| aca||aabn | a|a d
040 ## - FUENTE DE LA CATALOGACIÓN
- Centro catalogador/agencia de origen: DO-SdBNP
- Centro/agencia transcriptor: DO-SdBNP
150 ## - ENCABEZAMIENTO--TÉRMINO DE MATERIA
- Término de materia o nombre geográfico como elemento de entrada: Cambios climáticos
- Subdivisión general: Política gubernamental
- Subdivisión geográfica: República Dominicana
670 ## - FUENTE DE DATOS ENCONTRADOS
- Cita de la fuente: Work cat.: (DO-SdBNP)54032: 2564 Hernández, Ángela 1954- autora, Resumen ejecutivo tercera comunicación nacional de República Dominicana para la convención marco de las Naciones Unidas sobre cambio climático
